| 000 | 01145nam a2200337 a 4500 | ||
|---|---|---|---|
| 001 | 21187 | ||
| 003 | VRT | ||
| 005 | 20260224142317.0 | ||
| 008 | 181121s1949 xo slo | ||
| 015 | _aSKSNBA19451955-004135 | ||
| 035 | _aSK01SNKBKSFS20010067252 | ||
| 035 | _aSKM000069715 | ||
| 039 | 9 |
_a202112230803 _bAUTHORITY _c202112222015 _dAUTHORITY _c201811210650 _dVLOAD _c201811122010 _dVLOAD |
|
| 040 |
_aSNK _bslo _cSNK _eAACR2 |
||
| 041 | 1 | _aslo | |
| 044 |
_axo _cSK |
||
| 080 |
_a885.4 _21981 |
||
| 100 | 1 |
_aHviezdoslav, Pavol Országh, _d1849-1921 _4aut |
|
| 245 | 1 | 0 |
_aBásnické prviesenky ; Vzhledanie ; Rozličné básne _c[Pavol Országh] Hviezdoslav |
| 250 | _a(3. vyd.) | ||
| 260 |
_aTurčiansky Sv. Martin _bMatica slovenská _c1949 _eTurčiansky Sv. Martin _fNeografia |
||
| 300 |
_a478, [7] s. _c8° |
||
| 490 | 1 |
_aSobrané spisy básnické _vsv. 11 |
|
| 563 | _a2.000 výtlač. | ||
| 650 | 0 | 7 | _aslovenská poézia |
| 655 | 7 |
_aumelecká literatúra _2SNKPH |
|
| 830 | 0 | _aSobrané spisy básnické | |
| 910 | _akis3gmm | ||
| 942 |
_2ddc _cKLDO _n0 |
||
| 999 |
_c21187 _d21187 |
||